000
00234nam a2200109Ia 4500
005
20251222140102.0
008
251222s1900||||xx |||||||||||||| ||spa||
082
_a
174/I59
245
0
_a
Moral Profesional
264
_b
ILVF
942
_c
LIB
999
_c
3970
_d
3970